Normal view
MARC view
Entry Personal Name
001 - CONTROL NUMBER
- control field: 562369
003 - CONTROL NUMBER IDENTIFIER
- control field: OSt
005 - DATE AND TIME OF LATEST TRANSACTION
- control field: 20220930193500.0
008 - FIXED-LENGTH DATA ELEMENTS
- fixed length control field: 220930|| aca||aabn | a|a d
040 ## - CATALOGING SOURCE
- Original cataloging agency: OSt
- Transcribing agency: OSt
100 ## - HEADING--PERSONAL NAME
- Personal name: Dr V J Celine Supervisor
670 ## - SOURCE DATA FOUND
- Source citation: Work cat.: (OSt)896545: Nayyer Ajit Singh 562368, Hypothalamic adrenoceptors concerned with control of blood pressure in rabbits, 1990
